000 02866cam a22005774i 4500
003 PE-LiUPU
005 20250731173344.0
008 150706s2008 sp a rb 000 0 spa d
020 _a9788482675459
035 _a(Sirsi) i9788482675459
035 _a(Sirsi) i9788482675459
040 _aPE-LiUPU
_bspa
_cPE-LiUPU
_erda
049 _aPRUA
082 0 4 _a220.601
_bS64
_221
100 1 _aScott Duvall, J.,
_eautor.
245 1 0 _aHermenéutica; entendiendo la palabra de Dios :
_bun acercamiento práctico a la lectura, interpretación y aplicación de la Biblia.
264 1 _aBarcelona :
_bCLIE,
_c2008.
300 _a600 páginas :
_bilustraciones ;
_c23 centímetros.
336 _atext
_2rdacontent
337 _aunmediated
_2rdamedia
338 _avolume
_2rdacarrier
490 0 _aEstudios Ministeriales ;
_v26
504 _aIncluye referencias bibliográficas.
505 0 _aComo Leer el libro: Herramientas esenciales.- Contextos: Entonces y Ahora.- Significado y aplicación.- El recorrido interpretativo: Nuevo Testamento.- El recorrido interpretativo: Antiguo Testamento.
526 _aSEG42
526 _aSEG41
526 _aSEG40
526 _aSEG39
526 _aP94
526 _aP87
526 _aP86
526 _aP85
526 _aP77
526 _aP76
526 _aP35
541 _g001-0000481;
541 _g001-0021169;
650 0 4 _aHermenéutica bíblica.
700 1 _aHays, J. Daniel,
_eautor.
910 _agl
_bjv
_cng
_d20091104
942 _2ddc
_cBOOK
949 _a220.601 S64
_wDEWEY
_c1
_i62225
_lCCODEBUL1
_mBUL
_p19.00
_r0
_sY
_tBOOK
_u2015-7-6
_xTEOLOGIA
_PP35
_o.STAFF. Colección Teología
949 _a220.601 S64
_wDEWEY
_c2
_i60636
_d2015-9-16
_e2015-9-16
_lCCODEBUL1
_mBUL
_n6
_p19.00
_r0
_sY
_tBOOK
_u2015-7-6
_xTEOLOGIA
_PP35
_0COMPRA
_o.STAFF. Colección Teología
949 _aPGT 220.601 S64
_wDEWEY
_c1
_i71885
_lCCODEBUL1
_mBUL
_p19.00
_r0
_sY
_tBOOK
_u2015-8-24
_xTEOLOGIA
_PP85
_0COMPRA
_o.CIRCNOTE. No olvidar cambiar la fecha de devolución!!!!!!!
_o.STAFF. Posgrado
994 _aC0
_bPEPRU
596 _a1
999 _a220.601 S64
_wDEWEY
_c50051
_i62225
_lLOST
_mBUL
_p19.00
_r1
_sY
_tBOOK
_u2015-7-6
_xTEOLOGIA
_PP35
_o.STAFF. Colección General
_d50051
999 _a220.601 S64
_wDEWEY
_c2
_i60636
_d2019-8-6
_e2019-6-11
_f2021-11-9
_g5
_lCCODEBUL1
_mBUL
_n9
_p19.00
_q5
_r0
_sY
_tBOOK
_u2015-7-6
_xTEOLOGIA
_PP35
_0COMPRA
_o.STAFF. Colección Teología
999 _aPGT 220.601 S64
_wDEWEY
_c1
_i71885
_d2019-5-8
_e2019-5-7
_f2021-11-9
_g5
_lCCODEBUL1
_mBUL
_n3
_p19.00
_q2
_r0
_sY
_tBOOK
_u2015-8-24
_xTEOLOGIA
_PP85
_0COMPRA
_o.CIRCNOTE. No olvidar cambiar la fecha de devolución!!!!!!!
_o.STAFF. Colección Teología
980 _81
_gALBERTO SANCHEZ Responsable de Automatización